[Event "Foxwoods Open"]
[Site "Ledyard, CT"]
[Date "2009.04.11"]
[Round "6"]
[White "Odeh, Kenneth"]
[Black "Pozarek, Steven J"]
[Result "1-0"]
[WhiteElo "1865"]
[BlackElo "2165"]
[PlyCount "73"]
[EventDate "2009.04.??"]
[EventRounds "9"]
[EventCountry "USA"]
[Source "MonRoi"]

1. e4 e6 2. d4 d5 3. exd5 exd5 4. Bd3 Nf6 5. Nf3 Be7 6. c3 O-O 7. h3 c5 8. dxc5
Bxc5 9. O-O Nc6 10. Nbd2 Qd6 11. b4 Bb6 12. Nc4 Qc7 13. Nxb6 Qxb6 14. Be3 Qc7
15. Rc1 Be6 16. Bb1 Ne7 17. Nd4 Qd7 18. Nxe6 fxe6 19. c4 Nf5 20. Bf4 Rac8 21.
c5 Qb5 22. a3 b6 23. Bd3 Qd7 24. Ba6 bxc5 25. Bxc8 Rxc8 26. Rxc5 Rxc5 27. bxc5
Ne4 28. Qc2 Nd4 29. Qd3 Nc6 30. Rc1 Qf7 31. Be3 e5 32. Rd1 Nf6 33. Bg5 d4 34.
Bxf6 gxf6 35. Qf5 Ne7 36. Qg4+ Kf8 37. Rb1 1-0

[Event "Foxwoods Open"]
[Site "Ledyard, CT"]
[Date "2009.04.11"]
[Round "6"]
[White "Privman, Boris"]
[Black "Sobo, Henry C"]
[Result "1/2-1/2"]
[WhiteElo "2235"]
[BlackElo "2033"]
[PlyCount "23"]
[EventDate "2009.04.??"]
[EventRounds "9"]
[EventCountry "USA"]
[Source "MonRoi"]

1. d4 e6 2. c4 Nf6 3. Nc3 Bb4 4. Qc2 O-O 5. a3 Bxc3+ 6. Qxc3 b6 7. Bg5 Bb7 8.
f3 d5 9. e3 Nbd7 10. Bd3 c5 11. Ne2 dxc4 12. Bxc4 1/2-1/2

[Event "Foxwoods Open"]
[Site "Ledyard, CT"]
[Date "2009.04.11"]
[Round "6"]
[White "Santalla, Andres"]
[Black "Thompson, Buddy"]
[Result "1-0"]
[WhiteElo "2190"]
[BlackElo "1932"]
[PlyCount "65"]
[EventDate "2009.04.??"]
[EventRounds "9"]
[EventCountry "USA"]
[Source "MonRoi"]

1. e4 e6 2. d4 d5 3. e5 c5 4. c3 Nc6 5. Nf3 Bd7 6. Be2 f6 7. O-O cxd4 8. exf6
Nxf6 9. cxd4 Bd6 10. Nc3 Rc8 11. Bg5 O-O 12. Bd3 h6 13. Bh4 Qb6 14. Qd2 Kh8 15.
Bb1 Ne7 16. Ne5 Be8 17. g4 g5 18. Bg3 Kg8 19. h4 Bxe5 20. dxe5 Nxg4 21. hxg5 h5
22. Kg2 Nf5 23. g6 Nxg3 24. Kxg3 Rf3+ 25. Kxf3 Nh2+ 26. Kg2 Qb4 27. Rg1 Qh4 28.
Bd3 Bxg6 29. Bxg6 Rc4 30. f3 Rg4+ 31. fxg4 hxg4 32. Qf4 Qh3+ 33. Kf2 1-0

[Event "Foxwoods Open"]
[Site "Ledyard, CT"]
[Date "2009.04.11"]
[Round "6"]
[White "Schneider, Igor"]
[Black "Kacheishvili, Giorgi"]
[Result "0-1"]
[WhiteElo "2443"]
[BlackElo "2647"]
[PlyCount "158"]
[EventDate "2009.04.??"]
[EventRounds "9"]
[EventCountry "USA"]
[Source "MonRoi"]

1. e4 c6 2. d4 d5 3. Nc3 dxe4 4. Nxe4 Bf5 5. Ng3 Bg6 6. h4 h6 7. Nf3 Nd7 8. h5
Bh7 9. Bd3 Bxd3 10. Qxd3 e6 11. Bf4 Qa5+ 12. Bd2 Bb4 13. a3 Bxd2+ 14. Nxd2 Ngf6
15. O-O-O O-O-O 16. Nde4 Nxe4 17. Nxe4 Nf6 18. g4 Nxg4 19. Qg3 Qf5 20. f3 Nf6
21. Qxg7 Qf4+ 22. Kb1 Nxh5 23. Rxh5 Qxf3 24. Rhh1 Qxe4 25. Qxf7 Rhf8 26. Qe7
Rf2 27. Qc5 Rd5 28. Qc3 Qg6 29. Rd3 Rg5 30. d5 exd5 31. Qh8+ Qg8 32. Qxh6 Kb8
33. Qd6+ Ka8 34. Rdh3 Rf8 35. Qe7 Rb8 36. Qe1 a6 37. Qe3 Rg2 38. Qc3 Qg7 39.
Qc5 Qf8 40. Qc3 Qg7 41. Qc5 Qf8 42. Qc3 Qf2 43. Rh8 Rxh8 44. Rxh8+ Ka7 45. Rh7
Qb6 46. Rh8 Qg1+ 47. Ka2 Qf2 48. Rc8 Rg4 49. Qb3 Rc4 50. c3 Rc5 51. Qb4 a5 52.
Qa4 Rb5 53. Qd4+ Qxd4 54. cxd4 a4 55. Kb1 Rb3 56. Kc2 Kb6 57. Ra8 Kb5 58. Ra7
b6 59. Ra8 Rh3 60. Rb8 Rg3 61. Kd2 Rb3 62. Kc2 Kc4 63. Ra8 b5 64. Rc8 Rh3 65.
Rxc6+ Kxd4 66. Rg6 Rh2+ 67. Kc1 Kc4 68. Rc6+ Kd3 69. Rc3+ Ke4 70. Rc5 d4 71.
Rxb5 Kd3 72. b4 Rc2+ 73. Kb1 Rc3 74. Rh5 Rb3+ 75. Ka2 Kc2 76. Rh2+ Kc3 77. Rh8
d3 78. Rc8+ Kd2 79. Ra8 Kc2 0-1

[Event "Foxwoods Open"]
[Site "Ledyard, CT"]
[Date "2009.04.11"]
[Round "6"]
[White "Times, Lawyer"]
[Black "Kudryavtsev, Vadim"]
[Result "1-0"]
[WhiteElo "2245"]
[BlackElo "2196"]
[PlyCount "81"]
[EventDate "2009.04.??"]
[EventRounds "9"]
[EventCountry "USA"]
[Source "MonRoi"]

1. d4 Nf6 2. Nf3 g6 3. g3 Bg7 4. Bg2 O-O 5. O-O d6 6. c4 c5 7. Nc3 Nc6 8. dxc5
dxc5 9. Qb3 Na5 10. Qb5 b6 11. Ne5 Bb7 12. Rd1 Qc7 13. Nd3 Bxg2 14. Kxg2 Nc6
15. Bf4 e5 16. Bg5 Nd4 17. Qa6 Qc6+ 18. f3 e4 19. Ne1 Rfe8 20. f4 Ng4 21. Nd5
f6 22. Bh4 Nxe2 23. h3 Nh6 24. g4 Nf7 25. Nc2 g5 26. fxg5 fxg5 27. Bg3 Nxg3 28.
Kxg3 Bxb2 29. Rab1 Be5+ 30. Kg2 Nd6 31. Rf1 Kg7 32. Nce3 Rf8 33. Rxf8 Kxf8 34.
Rf1+ Bf4 35. Nxf4 gxf4 36. Rxf4+ Kg7 37. Qa3 Rf8 38. Qc3+ Kg8 39. Rxf8+ Kxf8
40. Qf6+ Ke8 41. Nf5 1-0

[Event "Foxwoods Open"]
[Site "Ledyard, CT"]
[Date "2009.04.11"]
[Round "6"]
[White "Vertkin, Sergey"]
[Black "Pamatmat, Jarod"]
[Result "1-0"]
[WhiteElo "2236"]
[BlackElo "2165"]
[PlyCount "103"]
[EventDate "2009.04.??"]
[EventRounds "9"]
[EventCountry "USA"]
[Source "MonRoi"]

1. e4 e6 2. c4 d5 3. exd5 exd5 4. cxd5 Nf6 5. Bb5+ Nbd7 6. Nc3 Be7 7. Nf3 O-O
8. O-O Nb6 9. d4 Nfxd5 10. Ne5 Be6 11. Ne4 c6 12. Bd3 f6 13. Nf3 Qc7 14. Ng3
Bd6 15. Nf5 Nf4 16. Bxf4 Bxf4 17. g3 Bd6 18. Re1 Bxf5 19. Bxf5 g6 20. Bc2 Rfe8
21. Qd3 Kh8 22. Kg2 Nd5 23. Bb3 Qf7 24. h4 Bb4 25. Rxe8+ Rxe8 26. h5 g5 27. Qf5
Qe6 28. Qxe6 Rxe6 29. Bxd5 cxd5 30. Rc1 Rc6 31. Rxc6 bxc6 32. a3 Bd6 33. g4 Kg7
34. Ne1 f5 35. f3 c5 36. dxc5 Bxc5 37. Kf1 Kf6 38. Ke2 fxg4 39. fxg4 Ke5 40.
Nd3+ Kd4 41. Nxc5 Kxc5 42. Kd3 h6 43. b3 d4 44. Ke4 a6 45. Kd3 Kd5 46. b4 Ke5
47. a4 Kd5 48. b5 a5 49. b6 Kc6 50. Kxd4 Kxb6 51. Kd5 Ka7 52. Kc5 1-0

[Event "Foxwoods Open"]
[Site "Ledyard, CT"]
[Date "2009.04.11"]
[Round "6"]
[White "Vigorito, David"]
[Black "Aaron, Deepak"]
[Result "1-0"]
[WhiteElo "2453"]
[BlackElo "2185"]
[PlyCount "125"]
[EventDate "2009.04.??"]
[EventRounds "9"]
[EventCountry "USA"]
[Source "MonRoi"]

1. d4 d5 2. c4 c6 3. Nf3 Nf6 4. Nc3 dxc4 5. a4 Bf5 6. e3 e6 7. Bxc4 Bb4 8. O-O
O-O 9. Nh4 Bg4 10. f3 Bh5 11. g4 Nd5 12. Ng2 Bg6 13. Qb3 a5 14. Na2 Qd6 15. Nh4
c5 16. Nxg6 hxg6 17. Nxb4 Nxb4 18. dxc5 Qxc5 19. Bd2 N8c6 20. Rac1 Rad8 21.
Rfd1 Qg5 22. Be2 Kh7 23. Be1 e5 24. Rxd8 Rxd8 25. Rd1 Rxd1 26. Bxd1 e4 27. f4
Qc5 28. Qc3 Qd6 29. Bb3 g5 30. Qc4 Qe7 31. Qxf7 Qxf7 32. Bxf7 Nd3 33. Bc3 gxf4
34. Bd5 Nc5 35. exf4 Nxa4 36. Bxe4+ Kg8 37. Bxc6 Nxc3 38. Bxb7 Ne2+ 39. Kf2
Nxf4 40. Ke3 g5 41. h4 Kg7 42. h5 Ne6 43. Bd5 Nc5 44. Kd4 Nd7 45. Bc6 Nf6 46.
Bf3 Nd7 47. Be2 Kf8 48. Kc4 Ke7 49. Kb5 Kd6 50. Kxa5 Kc7 51. h6 Ne5 52. h7 Nf7
53. b4 Kb7 54. Bb5 Ka7 55. Be8 Nh8 56. Kb5 Kb7 57. Kc5 Kc7 58. b5 Kb7 59. b6
Kb8 60. Kc6 Kc8 61. b7+ Kb8 62. Bh5 Ng6 63. Bxg6 1-0

[Event "Foxwoods Open"]
[Site "Ledyard, CT"]
[Date "2009.04.11"]
[Round "6"]
[White "Zhao, Parker Bi Guang"]
[Black "Shvartsman, Andrew"]
[Result "0-1"]
[WhiteElo "2318"]
[BlackElo "2145"]
[PlyCount "68"]
[EventDate "2009.04.??"]
[EventRounds "9"]
[EventCountry "USA"]
[Source "MonRoi"]

1. e4 e6 2. d3 d5 3. Nd2 Nf6 4. Ngf3 c5 5. g3 Nc6 6. Bg2 Be7 7. O-O O-O 8. e5
Nd7 9. Re1 g5 10. h3 f6 11. exf6 Bxf6 12. Nf1 Nd4 13. N1h2 Nxf3+ 14. Nxf3 h6
15. Rxe6 Nb8 16. Re1 Nc6 17. c3 Bf5 18. Be3 Qb6 19. b4 Bxc3 20. Bxc5 Qb5 21.
Nxg5 Nxb4 22. Bxb4 Bxb4 23. Qb3 hxg5 24. Bxd5+ Kg7 25. Re7+ Kh6 26. Rxb7 Qc5
27. Rxb4 Be6 28. Qb2 Qxd5 29. Rb7 Bd7 30. Rc1 Rf7 31. Rcc7 Re8 32. Qd2 Rfe7 33.
Rb1 Bxh3 34. f4 Rxc7 0-1

[Event "Foxwoods Open"]
[Site "Ledyard, CT"]
[Date "2009.04.11"]
[Round "6"]
[White "Zierk, Steven"]
[Black "Smith, Bryan G"]
[Result "1/2-1/2"]
[WhiteElo "2311"]
[BlackElo "2549"]
[PlyCount "77"]
[EventDate "2009.04.??"]
[EventRounds "9"]
[EventCountry "USA"]
[Source "MonRoi"]

1. e4 c5 2. Nf3 d6 3. d4 cxd4 4. Nxd4 Nf6 5. Nc3 g6 6. Be3 Bg7 7. Bc4 O-O 8. f3
Nc6 9. Qd2 Bd7 10. O-O Rc8 11. Bb3 Na5 12. Nd5 Nc4 13. Nxf6+ Bxf6 14. Bxc4 Rxc4
15. c3 Qc7 16. Nc2 a5 17. Bh6 Bg7 18. Bxg7 Kxg7 19. Ne3 Rc5 20. Nd5 Qd8 21.
Rfd1 e5 22. Qf2 Be6 23. Ne3 a4 24. Rd3 Qc7 25. Qd2 Rd8 26. Kh1 Qc6 27. Rd1 h5
28. h4 Qc7 29. Rxd6 Rxd6 30. Qxd6 Bxa2 31. Qxc7 Rxc7 32. Rd6 a3 33. Rb6 Be6 34.
bxa3 Rxc3 35. Nd5 Rxa3 36. Rxb7 Bxd5 37. exd5 Ra4 38. g3 Rd4 39. Rb5 1/2-1/2

[Event "Foxwoods Open"]
[Site "Ledyard, CT"]
[Date "2009.04.11"]
[Round "7"]
[White "Cardona, Liulia"]
[Black "Amarasinghe, Prashantha"]
[Result "1-0"]
[WhiteElo "2181"]
[BlackElo "1994"]
[PlyCount "75"]
[EventDate "2009.04.??"]
[EventRounds "9"]
[EventCountry "USA"]
[Source "MonRoi"]

1. e4 e6 2. d3 d5 3. Nd2 Nf6 4. Ngf3 b6 5. c3 Bb7 6. Qc2 dxe4 7. dxe4 Bc5 8.
Be2 O-O 9. O-O Nc6 10. b4 Be7 11. b5 Nb8 12. e5 Nfd7 13. Ne4 c6 14. Neg5 g6 15.
Ne4 cxb5 16. Bh6 Re8 17. Rad1 Qc7 18. Nd6 Bxd6 19. exd6 Qd8 20. Ng5 a6 21. f4
Nc5 22. Bf3 Bxf3 23. Rxf3 Qd7 24. Rh3 f6 25. Nf3 Nc6 26. Nh4 Kf7 27. Nf3 Kg8
28. Rg3 Kf7 29. Rf1 e5 30. fxe5 Nxe5 31. Ng5+ Kg8 32. Rxf6 Qd8 33. Nxh7 Kxh7
34. Rf7+ Kh8 35. Bg7+ Kg8 36. Bxe5 Re6 37. Rg7+ Kf8 38. Qf2+ 1-0

[Event "Foxwoods Open"]
[Site "Ledyard, CT"]
[Date "2009.04.11"]
[Round "7"]
[White "Hess, Robert"]
[Black "Van Wely, Loek"]
[Result "1/2-1/2"]
[WhiteElo "2545"]
[BlackElo "2730"]
[PlyCount "165"]
[EventDate "2009.04.??"]
[EventRounds "9"]
[EventCountry "USA"]
[Source "MonRoi"]

1. e4 c5 2. Nf3 e6 3. b3 d6 4. Bb2 Nf6 5. Bb5+ Bd7 6. Qe2 Bxb5 7. Qxb5+ Qd7 8.
Qe2 Nc6 9. O-O Be7 10. Na3 O-O 11. Rad1 d5 12. e5 Ne8 13. d4 Nc7 14. dxc5 Bxc5
15. Nb5 Nxb5 16. Qxb5 Qe7 17. Qa4 Rac8 18. Ne1 Qg5 19. Nd3 Bb6 20. Kh1 Ne7 21.
Bc1 Qg6 22. Ba3 Rfe8 23. c4 dxc4 24. bxc4 Qg4 25. Qd7 Nc6 26. f4 Qe2 27. Qxb7
Na5 28. Qf3 Qxa2 29. c5 Qxa3 30. Ra1 Qc3 31. cxb6 axb6 32. Nf2 Qxf3 33. gxf3
Nc4 34. Ne4 Red8 35. Rf2 b5 36. Rb1 Rb8 37. Ra2 h6 38. Rb3 Rd5 39. Kg2 Kh7 40.
Ra7 Kg6 41. Rb1 Rbd8 42. Rb7 Rd3 43. Kf2 Nd2 44. Rg1+ Kh5 45. Nd6 Ra8 46. Ke2
Rxf3 47. Rg3 Rxg3 48. hxg3 Nc4 49. Rxf7 Ra2+ 50. Kf3 Ra3+ 51. Kg2 Nxd6 52. exd6
g5 53. fxg5 hxg5 54. Rf3 Ra8 55. Re3 Kg4 56. Re4+ Kf5 57. Rb4 Ra2+ 58. Kh3 e5
59. g4+ Ke6 60. Rxb5 Rd2 61. Rb8 Rxd6 62. Rg8 Kf6 63. Rf8+ Kg6 64. Rg8+ Kh6 65.
Re8 Rd3+ 66. Kg2 Re3 67. Kf2 Re4 68. Kf3 Rf4+ 69. Kg3 e4 70. Re5 Kg6 71. Re6+
Kf7 72. Re5 Kf6 73. Re8 Rf3+ 74. Kg2 Rf4 75. Kg3 Kf7 76. Re5 Kg6 77. Re6+ Kg7
78. Re5 Kf6 79. Re8 Rf3+ 80. Kg2 Re3 81. Kf2 Rf3+ 82. Kg2 Rf4 83. Kg3 1/2-1/2

[Event "Foxwoods Open"]
[Site "Ledyard, CT"]
[Date "2009.04.11"]
[Round "7"]
[White "Kudryavtsev, Vadim"]
[Black "Yagiz, Bora"]
[Result "1-0"]
[WhiteElo "2196"]
[BlackElo "1924"]
[PlyCount "71"]
[EventDate "2009.04.??"]
[EventRounds "9"]
[EventCountry "USA"]
[Source "MonRoi"]

1. Nf3 d6 2. d4 f5 3. g3 g6 4. Bg2 Bg7 5. O-O Nf6 6. c4 O-O 7. Nc3 c6 8. d5 e5
9. e4 c5 10. Re1 Nh5 11. Bg5 Bf6 12. Qd2 Bxg5 13. Qxg5 Bd7 14. exf5 Qxg5 15.
Nxg5 gxf5 16. Ne6 Rc8 17. g4 Ng7 18. gxf5 Nxf5 19. Ne4 Bxe6 20. dxe6 Nc6 21.
Rad1 Rd8 22. Rd3 Kg7 23. Ng3 Kf6 24. Nxf5 Kxf5 25. e7 Nxe7 26. Bxb7 Rab8 27.
Be4+ Ke6 28. b3 Rg8+ 29. Kf1 Rg7 30. Red1 Rd8 31. Rh3 Ng6 32. Rh6 Ke7 33. Rd3
Nf4 34. Rg3 Rdg8 35. Bxh7 Rg6 36. Bxg6 1-0

[Event "Foxwoods Open"]
[Site "Ledyard, CT"]
[Date "2009.04.11"]
[Round "7"]
[White "Lee, Michael"]
[Black "Shvartsman, Andrew"]
[Result "1-0"]
[WhiteElo "2385"]
[BlackElo "2145"]
[PlyCount "83"]
[EventDate "2009.04.??"]
[EventRounds "9"]
[EventCountry "USA"]
[Source "MonRoi"]

1. c4 Nf6 2. Nc3 g6 3. g3 Bg7 4. Bg2 O-O 5. e4 d6 6. Nge2 Nc6 7. O-O e5 8. d3
Nd7 9. Be3 Nc5 10. Qd2 Ne6 11. Bh6 Ned4 12. Bxg7 Kxg7 13. Nxd4 Nxd4 14. Ne2
Nxe2+ 15. Qxe2 c5 16. f4 f6 17. h4 h6 18. f5 Qe8 19. Bf3 g5 20. Kf2 Bd7 21. Rh1
Qe7 22. Rh3 Rh8 23. Rah1 Rag8 24. Kf1 Rh7 25. Qh2 Rgh8 26. hxg5 fxg5 27. Bh5
Be8 28. Bxe8 Qxe8 29. Qd2 Kf6 30. Rh5 Qd8 31. Kg2 Qe8 32. Kf3 Qd7 33. Qa5 b6
34. Qd2 Qb7 35. Kg4 Qg7 36. b4 Ke7 37. a4 Kf6 38. a5 bxa5 39. bxc5 dxc5 40.
Qxa5 Qc7 41. Rxh6+ Rxh6 42. Rxh6+ 1-0

[Event "Foxwoods Open"]
[Site "Ledyard, CT"]
[Date "2009.04.11"]
[Round "7"]
[White "Lucente, Mike"]
[Black "Privman, Boris"]
[Result "1/2-1/2"]
[WhiteElo "2010"]
[BlackElo "2235"]
[PlyCount "39"]
[EventDate "2009.04.??"]
[EventRounds "9"]
[EventCountry "USA"]
[Source "MonRoi"]

1. d4 e6 2. a3 d5 3. Nf3 Bd6 4. g3 Nf6 5. Bg2 O-O 6. O-O c6 7. Bg5 Nbd7 8. e4
dxe4 9. Nfd2 Be7 10. Nc3 b6 11. Re1 Bb7 12. Qe2 h6 13. Be3 Nd5 14. Ndxe4 Nxe3
15. Qxe3 Nf6 16. Rad1 Nd5 17. Qe2 Qc7 18. Nb1 Rfd8 19. Nbd2 Rd7 20. Nf3 1/2-1/2

[Event "Foxwoods Open"]
[Site "Ledyard, CT"]
[Date "2009.04.11"]
[Round "7"]
[White "Mandiza, Farai"]
[Black "Dougherty, Michael"]
[Result "1-0"]
[WhiteElo "2343"]
[BlackElo "2263"]
[PlyCount "130"]
[EventDate "2009.04.??"]
[EventRounds "9"]
[EventCountry "USA"]
[Source "MonRoi"]

1. d4 g6 2. Nf3 Bg7 3. Bf4 d6 4. c3 c5 5. Qc2 Nf6 6. Nbd2 Bf5 7. e4 Be6 8. d5
Bd7 9. a4 O-O 10. h3 e5 11. Bh2 Nh5 12. g4 Nf4 13. Nc4 Qc7 14. Ne3 Na6 15. Bg3
c4 16. Bxc4 Nc5 17. Nd2 f5 18. exf5 gxf5 19. gxf5 Nxa4 20. Rxa4 b5 21. Rb4 bxc4
22. Rxc4 Qa5 23. Bxf4 exf4 24. Rxf4 Bb5 25. Rg1 Kh8 26. Nb3 Qa6 27. c4 Ba4 28.
f6 Bxf6 29. Rxf6 Rxf6 30. Qc3 Raf8 31. Ng4 Bxb3 32. Nxf6 Qxc4 33. Ne4+ Qxc3+
34. Nxc3 Rf5 35. Rg4 Bxd5 36. Rd4 Bg2 37. h4 d5 38. Ra4 Rf7 39. Rd4 h5 40. Ne2
Rb7 41. b4 Kg7 42. Nf4 Bf3 43. Kd2 Re7 44. Rd3 Be4 45. Rg3+ Kf6 46. f3 Kf5 47.
Ne2 Bb1 48. Rg5+ Kf6 49. Nc3 Rb7 50. Nxd5+ Kf7 51. Rxh5 Rb5 52. Kc3 Ba2 53. Nf4
Rxh5 54. Nxh5 Bd5 55. f4 Bf3 56. Ng3 Kf6 57. Kd4 Ke6 58. f5+ Kf6 59. Ke3 Bd5
60. Kf4 Bc6 61. Nh5+ Kf7 62. Kg5 Bf3 63. Nf4 Bc6 64. h5 Kg7 65. Ng6 Be8 1-0

[Event "Foxwoods Open"]
[Site "Ledyard, CT"]
[Date "2009.04.11"]
[Round "7"]
[White "Morshedi, Ali"]
[Black "Iwu, Okechukwu"]
[Result "1-0"]
[WhiteElo "2284"]
[BlackElo "2203"]
[PlyCount "55"]
[EventDate "2009.04.??"]
[EventRounds "9"]
[EventCountry "USA"]
[Source "MonRoi"]

1. e4 e6 2. d4 d5 3. Nc3 Bb4 4. e5 b6 5. Qg4 Bf8 6. Bg5 Qd7 7. Nf3 Ba6 8. Bxa6
Nxa6 9. O-O h6 10. Qh3 Ne7 11. Bxe7 Bxe7 12. Ne2 Qb5 13. Nf4 O-O-O 14. a4 Qd7
15. c4 g5 16. Nh5 dxc4 17. Nf6 Bxf6 18. exf6 Rdf8 19. Ne5 Qxd4 20. Rfe1 Nb4 21.
a5 Kb7 22. Qa3 Nd3 23. Nxd3 Qxd3 24. Qa4 Qd5 25. Red1 Qc5 26. a6+ Kb8 27. Qd7
Re8 28. b4 1-0

[Event "Foxwoods Open"]
[Site "Ledyard, CT"]
[Date "2009.04.11"]
[Round "7"]
[White "Pamatmat, Jarod"]
[Black "Tan, Oscar"]
[Result "1/2-1/2"]
[WhiteElo "2165"]
[BlackElo "2236"]
[PlyCount "87"]
[EventDate "2009.04.??"]
[EventRounds "9"]
[EventCountry "USA"]
[Source "MonRoi"]

1. d4 e6 2. c4 b6 3. e4 Bb7 4. Bd3 f5 5. exf5 Bxg2 6. Qh5+ g6 7. fxg6 Bg7 8.
gxh7+ Kf8 9. Bg5 Nf6 10. Qh4 Bxh1 11. Ne2 d5 12. Nf4 Kf7 13. Nd2 dxc4 14. Nxc4
Qxd4 15. Qh5+ Ke7 16. Qg6 Bf8 17. Qxf6+ Qxf6 18. Ng6+ Kf7 19. Bxf6 Rxh7 20. Bg5
Nd7 21. Nge5+ Nxe5 22. Nxe5+ Kg8 23. Bxh7+ Kxh7 24. O-O-O Bd5 25. f4 Bd6 26. a3
Rf8 27. Re1 Rf5 28. h4 Bxe5 29. Rxe5 Rxe5 30. fxe5 Kg6 31. Kd2 Kf5 32. Bf6 Ke4
33. Kc3 c5 34. b4 Ba2 35. bxc5 bxc5 36. Be7 Kxe5 37. Bxc5 a6 38. Bd4+ Kd5 39.
Bf6 e5 40. Bxe5 Kxe5 41. Kb2 Bf7 42. a4 Kd4 43. a5 Kc4 44. h5 1/2-1/2

[Event "Foxwoods Open"]
[Site "Ledyard, CT"]
[Date "2009.04.11"]
[Round "7"]
[White "Rodriguez, Eric"]
[Black "Ippolito, Dean"]
[Result "0-1"]
[WhiteElo "2321"]
[BlackElo "2515"]
[PlyCount "76"]
[EventDate "2009.04.??"]
[EventRounds "9"]
[EventCountry "USA"]
[Source "MonRoi"]

1. d4 d5 2. c4 c6 3. Nf3 Nf6 4. Nc3 e6 5. g3 Nbd7 6. Qd3 b6 7. Bg2 Ba6 8. b3
Rc8 9. O-O c5 10. Nb5 cxd4 11. Nfxd4 e5 12. Nf5 Bxb5 13. cxb5 g6 14. Ne3 e4 15.
Qd2 Bh6 16. f4 exf3 17. exf3 O-O 18. Bb2 Nc5 19. Rad1 Re8 20. Rfe1 Ne6 21. f4
d4 22. Nc4 Bg7 23. Bc6 Re7 24. Qg2 Nd7 25. Nd6 Rc7 26. Nb7 Qe8 27. Qf2 Qb8 28.
f5 Ng5 29. Qg2 Rxe1+ 30. Rxe1 Ne5 31. Kh1 h5 32. fxg6 fxg6 33. Qd5+ Ngf7 34.
Bxd4 Nxc6 35. bxc6 Bxd4 36. Qxd4 Rxc6 37. Qd7 Qc7 38. Re8+ Kh7 0-1

[Event "Foxwoods Open"]
[Site "Ledyard, CT"]
[Date "2009.04.11"]
[Round "7"]
[White "Sarkar, Justin"]
[Black "Betaneli, Aleksandr"]
[Result "1-0"]
[WhiteElo "2452"]
[BlackElo "2325"]
[PlyCount "71"]
[EventDate "2009.04.??"]
[EventRounds "9"]
[EventCountry "USA"]
[Source "MonRoi"]

1. d4 d5 2. c4 e6 3. Nc3 Be7 4. cxd5 exd5 5. Bf4 Nf6 6. e3 O-O 7. Bd3 c5 8.
dxc5 Bxc5 9. Nge2 Nc6 10. O-O Be6 11. a3 a6 12. Rc1 Ba7 13. Na4 d4 14. Nc5 Bxc5
15. Rxc5 dxe3 16. Bxe3 Nd5 17. Qc2 Nxe3 18. Bxh7+ Kh8 19. fxe3 g6 20. Nf4 Kxh7
21. Rh5+ Kg7 22. Qc3+ Nd4 23. Nxe6+ fxe6 24. Rxf8 Qf6 25. Rh7+ Kxf8 26. Qxd4
Qxd4 27. exd4 Kg8 28. Rxb7 Rd8 29. Rb4 Kf7 30. Kf2 a5 31. Rb7+ Kf6 32. Ke3 Rd5
33. a4 e5 34. Rb6+ Kf5 35. dxe5 Rxe5+ 36. Kf3 1-0

[Event "Foxwoods Open"]
[Site "Ledyard, CT"]
[Date "2009.04.11"]
[Round "7"]
[White "Stopa, Jacek"]
[Black "Kelley, Dereque"]
[Result "1-0"]
[WhiteElo "2557"]
[BlackElo "2125"]
[PlyCount "71"]
[EventDate "2009.04.??"]
[EventRounds "9"]
[EventCountry "USA"]
[Source "MonRoi"]

1. e4 e5 2. Nf3 Nc6 3. Bb5 a6 4. Ba4 Nf6 5. O-O Be7 6. Bxc6 dxc6 7. d3 Nd7 8.
b3 O-O 9. Bb2 f6 10. Nbd2 Nc5 11. h3 Re8 12. Nc4 Bf8 13. Nh2 a5 14. a4 Qd7 15.
Ng4 Qf7 16. f4 exf4 17. Rxf4 Qg6 18. Qd2 Nd7 19. Raf1 Bd6 20. R4f3 h5 21. Nge3
Ne5 22. Bxe5 Bxe5 23. Nf5 Bxf5 24. Rxf5 Qg3 25. Nxe5 Rxe5 26. R1f3 Qg6 27. Rxe5
fxe5 28. Qc3 Qg5 29. Qc4+ Kh7 30. Qf7 h4 31. Kh1 Qc1+ 32. Kh2 Qe1 33. Qh5+ Kg8
34. Qxe5 Rf8 35. Qe6+ Kh7 36. Rxf8 1-0

[Event "Foxwoods Open"]
[Site "Ledyard, CT"]
[Date "2009.04.11"]
[Round "7"]
[White "Vigorito, David"]
[Black "Sammour Hasbun, Jorge E"]
[Result "1/2-1/2"]
[WhiteElo "2453"]
[BlackElo "2611"]
[PlyCount "62"]
[EventDate "2009.04.??"]
[EventRounds "9"]
[EventCountry "USA"]
[Source "MonRoi"]

1. d4 Nf6 2. c4 g6 3. Nc3 d5 4. Nf3 Bg7 5. Bf4 O-O 6. Rc1 dxc4 7. e4 b5 8. Nxb5
Nxe4 9. Bxc7 Qd7 10. Bxc4 a6 11. Na3 Nc6 12. Be5 Bh6 13. Ra1 Bb7 14. O-O Rad8
15. Qe2 Nxe5 16. dxe5 Qc6 17. Rfd1 Nd2 18. Ne1 Rd4 19. Bd3 Rfd8 20. f3 Qb6 21.
Kh1 Qxb2 22. Rab1 Qxa3 23. Rxb7 Rxd3 24. Nxd3 Rxd3 25. e6 f6 26. Rxe7 Qxe7 27.
Qxd3 Qxe6 28. Qd8+ Kg7 29. Qc7+ Qf7 30. Qxf7+ Kxf7 31. Rc1 Bf4 1/2-1/2

[Event "Foxwoods Open"]
[Site "Ledyard, CT"]
[Date "2009.04.11"]
[Round "7"]
[White "Yermolinsky, Alex"]
[Black "Zierk, Steven"]
[Result "1-0"]
[WhiteElo "2582"]
[BlackElo "2311"]
[PlyCount "167"]
[EventDate "2009.04.??"]
[EventRounds "9"]
[EventCountry "USA"]
[Source "MonRoi"]

1. d4 f5 2. Nc3 d5 3. Bf4 Nf6 4. e3 e6 5. Nf3 c6 6. Bd3 Bd6 7. Ne2 b6 8. O-O
Ba6 9. Ng5 Qe7 10. Bxd6 Qxd6 11. Nf4 Bxd3 12. Qxd3 e5 13. dxe5 Qxe5 14. c4 O-O
15. cxd5 Nxd5 16. Nxd5 Qxd5 17. Qxd5+ cxd5 18. Rfd1 Rd8 19. Ne6 Rd7 20. Nf4 Nc6
21. Rxd5 Rxd5 22. Nxd5 Rd8 23. Rd1 Kf7 24. Nc3 Rxd1+ 25. Nxd1 Ke6 26. Nc3 a6
27. Kf1 b5 28. Ke2 b4 29. Na4 Kd5 30. Nb6+ Kc5 31. Nd7+ Kc4 32. Kd2 b3 33. a3
g5 34. h3 f4 35. exf4 gxf4 36. g4 fxg3 37. fxg3 Kd4 38. g4 Na5 39. Nf6 Nc4+ 40.
Kc1 Ne5 41. Nxh7 Nd3+ 42. Kb1 Ke5 43. Ng5 Nf2 44. Nf3+ Kf4 45. Nd4 Nxh3 46.
Nxb3 Kxg4 47. Nc5 Kf5 48. Nxa6 Ke5 49. Kc2 Kd4 50. Nb4 Kc4 51. b3+ Kb5 52. Nd5
Kc5 53. Nc3 Nf4 54. Kd2 Ne6 55. Kd3 Nf4+ 56. Ke4 Ne6 57. Ke5 Nc7 58. Ke4 Ne6
59. Ne2 Nc7 60. Nd4 Nd5 61. Ne6+ Kd6 62. Nf4 Nc7 63. a4 Kc5 64. Nd3+ Kb6 65.
Kd4 Ka5 66. Kc5 Ne6+ 67. Kc4 Nd8 68. Kd5 Nb7 69. Nc5 Nd8 70. Ne6 Nf7 71. Nd4
Nh6 72. Kc5 Ng4 73. Nc6+ Ka6 74. b4 Nf6 75. b5+ Kb7 76. Nd8+ Kc7 77. Ne6+ Kd7
78. Nf4 Kc8 79. Nd5 Nd7+ 80. Kd6 Nf8 81. a5 Nd7 82. a6 Nf8 83. b6 Kb8 84. Nc7
1-0

[Event "Foxwoods Open"]
[Site "Ledyard, CT"]
[Date "2009.04.11"]
[Round "7"]
[White "Zenyuk, Iryna"]
[Black "Schneider, Igor"]
[Result "1-0"]
[WhiteElo "2315"]
[BlackElo "2443"]
[PlyCount "40"]
[EventDate "2009.04.??"]
[EventRounds "9"]
[EventCountry "USA"]
[Source "MonRoi"]

1. d4 d5 2. Nf3 c6 3. c4 e6 4. e3 Nf6 5. b3 Nbd7 6. Bd3 Bd6 7. Bb2 Ne4 8. Nbd2
f5 9. O-O Qf6 10. Bxe4 dxe4 11. Ne5 Nxe5 12. dxe5 Bxe5 13. Nxe4 Bxh2+ 14. Kxh2
Qxb2 15. Nd6+ Ke7 16. f4 Qa3 17. Qd4 Rg8 18. Rad1 b6 19. e4 g6 20. Rfe1 Qc5 1-0

[Event "Foxwoods Open"]
[Site "Ledyard, CT"]
[Date "2009.04.11"]
[Round "7"]
[White "Zlotnikov, Mikhail"]
[Black "Vaughan, John"]
[Result "1-0"]
[WhiteElo "2375"]
[BlackElo "1899"]
[PlyCount "89"]
[EventDate "2009.04.??"]
[EventRounds "9"]
[EventCountry "USA"]
[Source "MonRoi"]

1. c4 Nf6 2. Nc3 e5 3. Nf3 Nc6 4. g3 Bb4 5. Nd5 d6 6. Nxb4 Nxb4 7. Bg2 O-O 8.
O-O Re8 9. d3 h6 10. a3 Nc6 11. b4 a6 12. Bb2 Bg4 13. h3 Bf5 14. Kh2 Qd7 15.
Qd2 Rab8 16. b5 axb5 17. cxb5 Ne7 18. a4 Bh7 19. Qc3 Kh8 20. Nd2 Nfd5 21. Qb3
c6 22. e4 Nc7 23. Qxf7 Ne6 24. Qh5 Rf8 25. f4 Bg6 26. Qh4 Nd4 27. Nc4 Bf7 28.
fxe5 Ng6 29. Qh5 Nf4 30. Qg4 Be6 31. Qh4 Nxg2 32. Kxg2 d5 33. Nd6 Nb3 34. Rad1
Nc5 35. exd5 Bxd5+ 36. Kh2 Rxf1 37. Rxf1 Kh7 38. Qd4 Ne6 39. Qg4 Rg8 40. Bc1
Qd8 41. Ne4 Nd4 42. Ng5+ Kh8 43. e6 Rf8 44. Nf7+ Kh7 45. Qxd4 1-0